Plan de manejo Parque Natural Regional Páramo del Duende (Registro nro. 6923)

Detalles MARC
000 -CABECERA
Campo de control 00859nam a2200265 a 4500
005 - FECHA Y HORA DE LA ULTIMA TRANSACCION
Campo de control 20200211103006.0
008 - ELEMENTOS DE LONGITUD FIJA—INFORMACION GENERAL
Campo de control 140217b2009 ck ||||| |||| 00| 0 spa d
040 ## - FUENTE DE CATALOGACIÓN
Agencia catalogadora original CO-BoIAVH
Agencia transcriptora CO-BoIAVH
041 ## - IDIOMA
Código de idioma para texto/pista de sonido o título separado Español
044 ## - PAÍS DE PUBLICACIÓN
País de publicación Colombia
090 ## - CLASIFICACIÓN LOCAL
Colección IAVH
Consecutivo 01336
100 ## - ASIENTO PRINCIPAL--NOMBRE PERSONAL
Nombre personal Salgado, Abelardo
245 ## - MENCION DE TITULO
Título Plan de manejo Parque Natural Regional Páramo del Duende
260 ## - PUBLICACION, DISTRIBUCION, ETC. (PIE DE IMPRENTA)
Lugar de publicación, distribución, etc. Bogotá
Nombre del editor, distribuidor, etc. Instituto de Investigación de Recursos Biológicos Alexander von Humboldt
Fecha de publicación, distribución, etc. 2009?
300 ## - DESCRIPCION FISICA
Extensión 9 Páginas:
Dimensiones 19 x 22 cm.
650 #0 - ASIENTO SECUNDARIO DE MATERIA - TERMINO TEMATICO
Término temático o nombre geográfico como elemento de entrada Páramos andinos
650 #0 - ASIENTO SECUNDARIO DE MATERIA - TERMINO TEMATICO
Término temático o nombre geográfico como elemento de entrada Bosques altoandinos
650 #0 - ASIENTO SECUNDARIO DE MATERIA - TERMINO TEMATICO
Término temático o nombre geográfico como elemento de entrada Conservación de páramos
Subdivisión geográfica Colombia.
662 ## - ASIENTO SECUNDARIO DE MATERIA - JERARQUIA DEL NOMBRE DE LUGAR(
País o entidad mayor Colombia
Jurisdicción política intermedia Páramo del Duende
700 ## - ASIENTO SECUNDARIO - NOMBRE PERSONAL
Nombre personal Tapia, Carlos
700 ## - ASIENTO SECUNDARIO - NOMBRE PERSONAL
Nombre personal Vásquez, Adriana
700 ## - ASIENTO SECUNDARIO - NOMBRE PERSONAL
Nombre personal Villa, Claudia
942 ## - ELEMENTOS ADICIONALES (KOHA)
Tipo de ítem Impreso
Sistema de clasificación Local
Koha issues (borrowed), all copies 2
945 ## - PROCESAMIENTO LOCAL
AAAA-MM-DD - Fecha de ingreso o modificacion LER
Existencias
Withdrawn status Lost status Sistema de Clasificación Damaged status No para préstamo Colección Ubicación Permanente Ubicación actual Fecha de adquisición Total Checkouts Número topográfico Inventario / Código de Barras Date last seen Date checked out Ejemplar Price effective from Forma de adquisición Tipo de material Inventariado
    Local     Humboldt Bogotá Bogotá   1 FH-0036 027107 02/10/2014 02/10/2014 Ej. 1 04/12/2012   Folleto  
    Local     Humboldt Bogotá Bogotá   1 FH-0036 027108 02/10/2014 02/10/2014 Ej. 2 04/12/2012   Folleto  
    Dewey Decimal Classification     Humboldt Bogotá Bogotá 11/02/2020   FH-0036 044180 11/02/2020   Ej. 3 11/02/2020 Institucional Folleto  
    Local     Humboldt Villa de Leyva Villa de Leyva     IAVH-01336 027109 04/12/2012   Ej. 1 04/12/2012 Institucional Folleto Inventariado 2017
    Local     Humboldt Villa de Leyva Villa de Leyva     IAVH-01336 027110 04/12/2012   Ej. 2 04/12/2012 Institucional Folleto Inventariado 2017